Příklady z chemické termodynamiky I /

Enregistré dans:
Détails bibliographiques
Auteurs principaux: Novák, Josef (Auteur), Šobr, Josef (Auteur)
Format: Livre
Langue:tchèque
Publié: Praha : Vysoká škola Chemicko-technologická, 1989
Édition:2.přeprac.a dopl.vyd.
Tags: Ajouter un tag
Pas de tags, Soyez le premier à ajouter un tag!

MARC

LEADER 00000nam a22000003a 4500
001 stu18211
005 20150617225756.1
008 920124s1989----cs------------------cze-d
020 |a 80-7080-010-0 
040 |a STU  |b slo 
041 0 |a cze 
044 |a cs 
080 |a 536.7(075.8) 
100 1 |a Novák, Josef  |4 aut 
245 1 |a Příklady z chemické termodynamiky I /  |c [aut.]Novák,Josef, Šobr,Josef 
250 |a 2.přeprac.a dopl.vyd. 
260 |a Praha :  |b Vysoká škola Chemicko-technologická,  |c 1989 
300 |a 188 s :  |b Tab.,grafy,lit 
700 1 |a Šobr, Josef  |4 aut 
996 |b CS30792  |c C*S30792  |l CCXVIII  |s P  |a 0  |w stu18211_0001